| 000 | 00751nam a2200277 i 4500 | ||
|---|---|---|---|
| 003 | DO-SdBNP | ||
| 005 | 20250620092038.0 | ||
| 007 | ta | ||
| 008 | 250620s2010 dr 000 0 spa d | ||
| 020 | _a9789802076536 | ||
| 040 |
_aDO-SdBNP _bspa _cBNPHU _erda |
||
| 041 | _hspa | ||
| 082 |
_axxx _bP371t _222 |
||
| 100 |
_aPedraz L. Juan _eautor _988148 |
||
| 110 | _9447 | ||
| 240 | 1 | 0 | _a[leyes,etc.] |
| 245 | 1 | 0 |
_aTres trampas en el noviazgo / _cJuan L. Pedraz |
| 264 | 1 |
_aCaracas, Venezuela : _bPaulinas, _c2010 |
|
| 300 |
_a119 páginas ; _c21 cm. |
||
| 336 |
_atexto _btxt _2rdacontent |
||
| 337 |
_asin mediación _bn _2rdamedia |
||
| 338 |
_avolumen _bnc _2rdacarrier |
||
| 590 | _aInventariado, 2025/DG | ||
| 910 | _aDG | ||
| 942 |
_2ddc _cLBS1 |
||
| 999 |
_c59342 _d59342 |
||